000 00465cam a2200181ua 4500
041 _aeng
_h
082 _a028.7021
_bWEC/CO
100 _aWechsler, Louis K .
245 _aCollege entrance examinations /
_cLouis K Wechsler.
_hTextual Documents
250 _a1 /
_b.
260 _aNew York :
_bBarnes & Noble ,
_c1960.
300 _a305 ; .
504 _a
700 1 _aBlum, Martin .
700 1 _aFriedman, Sidney .
942 _cBK
999 _c8009
_d8009